[Event "FRA-ch U14 Girls"]
[Site "Aix les Bains"]
[Date "2009.04.23"]
[Round "6"]
[White "Coutier, Camille"]
[Black "Henry, Laura"]
[Result "0-1"]
[WhiteElo "1530"]
[BlackElo "1663"]
[PlyCount "117"]
[EventDate "2009.04.19"]
[EventType "swiss"]
[EventRounds "9"]
[EventCountry "FRA"]
[SourceTitle "CBM 130 Extra"]
[Source "ChessBase"]
[SourceDate "2009.07.02"]
[SourceVersion "2"]
[SourceVersionDate "2009.07.15"]
[SourceQuality "1"]

1. d4 d5 2. c4 c6 3. Nf3 Nf6 4. Bg5 e6 5. e3 Bb4+ 6. Nbd2 0-0 7. a3 Be7 8. Rc1 b6 9. Bd3 Nbd7 10. 0-0 Re8 11. Re1 Bb7 12. e4 h6 13. Bh4 Nxe4 14. Bxe7 Qxe7 15. Nxe4 dxe4 16. Bxe4 Nf6 17. Bc2 Rad8 18. Qe2 Qc7 19. Qe5 Qxe5 20. dxe5 Nd7 21. Nd2 Nxe5 22. Rxe5 Rxd2 23. b3 Red8 24. Kf1 c5 25. f3 Kf8 26. Re2 R2d4 27. Ke1 Bc6 28. Rd1 a6 29. Red2 Rxd2 30. Rxd2 Rxd2 31. Kxd2 Ke7 32. Ke3 e5 33. Bf5 Bb7 34. g3 b5 35. Bd3 Bc6 36. Be2 Kf6 37. h4 g5 38. h5 Ke6 39. g4 f5 40. gxf5+ Kxf5 41. Bd3+ Ke6 42. Be4 Be8 43. Bd5+ Kd6 44. Ke4 Bxh5 45. Kf5 Be8 46. Kf6 bxc4 47. bxc4 a5 48. Kf5 Bc6 49. Bxc6 Kxc6 50. Kxe5 h5 51. f4 gxf4 52. Kxf4 h4 53. Kg4 h3 54. Kxh3 Kd6 55. Kg4 Ke5 56. Kf3 Kd4 57. Ke2 Kxc4 58. Kd2 Kb3 59. a4 0-1